| 000 | 01668nam a2200241Ia 4500 | ||
|---|---|---|---|
| 008 | 260220t1972||||xx |||||||||||||| ||spa|| | ||
| 040 |
_aPY-SlUNAC _bspa _erda |
||
| 041 | _aspa | ||
| 082 |
_a863 _bL849p |
||
| 100 |
_aLongares, Manuel _eAutor |
||
| 245 | 0 |
_aPío Baroja : _bescritos de juventud (1890 -1904) / _cpor Manuel Longares [Autor] |
|
| 264 |
_aMadrid : _bCuadernos para el dialogo, _c℗1972. |
||
| 300 | _a1 volumen | ||
| 520 | _aEl libro "Pío Baroja: escritos de juventud (1890-1904)" de Manuel Longares ofrece un análisis profundo de los primeros años de la producción literaria de Pío Baroja, uno de los más destacados novelistas de la Generación del 98 en España. A través de una cuidadosa selección de textos y cartas, Longares examina la evolución del pensamiento y estilo de Baroja, resaltando la influencia de su entorno social y cultural en su obra. Se abordan temas como la búsqueda de la identidad, la crítica social y la exploración de la condición humana, que se convierten en ejes fundamentales en la narrativa barojiana. Asimismo, el autor coloca a Baroja en el contexto de su época, analizando su relación con otros escritores contemporáneos y la recepción de sus obras en la sociedad española. Este estudio no solo enriquece la comprensión de la obra de Baroja, sino que también proporciona una visión significativa del desarrollo de la literatura española moderna. | ||
| 651 | _aEspaña | ||
| 653 | _aEscritores | ||
| 653 | _aLiteratura | ||
| 942 |
_b2026/02/17 _cBK |
||
| 999 |
_c9212 _d9212 |
||